| 000 | 00540nam a2200181Ia 4500 | ||
|---|---|---|---|
| 008 | 151202s9999||||xx |||||||||||||| ||und|| | ||
| 082 | _bPNVM-27417 | ||
| 100 | _aपुनर्वसु. | ||
| 245 | _aमी हरिणी मीच व्याध. | ||
| 260 | _b--- | ||
| 260 | _c0 | ||
| 300 | _a0 | ||
| 600 | _aपुनर्वसु. | ||
| 630 | _aमी हरिणी मीच व्याध. | ||
| 700 | _aपुनर्वसु. | ||
| 730 | _aमी हरिणी मीच व्याध. | ||
| 942 | _cBOOK | ||
| 999 |
_c1293386 _d1293383 |
||